| 000 | 00601nam a2200169Ia 4500 | ||
|---|---|---|---|
| 008 | 220216s9999 xx 000 0 und d | ||
| 100 | _aJusheng J | ||
| 245 | 0 | _aPrediction on production, consumption, and trade of Chinese natural rubber in early 21st century | |
| 260 | _bProceedings : Indonesian Rubber Conference and IRRDB symposiun 2000 Indonesian Rubber Research Institute, Bogor, Indonesia, 12-14 September 2000.V.II. pp.373-384. | ||
| 650 | _aChina | ||
| 650 | _aConsumption | ||
| 650 | _aNatural rubber | ||
| 650 | _aProduction | ||
| 650 | _aTrade | ||
| 700 | _aZhongyu Z | ||
| 942 | _cJS | ||
| 999 |
_c65475 _d65475 |
||